Most 221 na preložke poľnej cesty SO 120 nad rýchlostnou cestou R3 Tvrdošín - Nižná nad Oravou v km 1,54

Salvato in:
Dettagli Bibliografici
Autore principale: Nittmannová, Ľubica, 1987- (Autore)
Altri autori: Živner, Tomáš, 1981- (Relatore della tesi)
Natura: Manoscritto Libro
Lingua:slovacco
Pubblicazione: Bratislava : STU v Bratislave SvF, 2011
Soggetti:
Accesso online:VAIS
Tags: Aggiungi Tag
Nessun Tag, puoi essere il primo ad aggiungerne!!

MARC

LEADER 00000ntm a22000003a 4500
001 stu229657
005 20150617230146.9
008 110708s2011----xo------------------slo-d
040 |a STU  |b slo 
041 0 |a slo 
044 |a xo 
100 1 |a Nittmannová, Ľubica,  |d 1987-  |4 aut  |u V190  |U SvF Stavebná fakulta  |T SvF Katedra kovových a drevených konštrukcií  |X 38947  |U V190  |Y 21  |7 A000038947 
242 0 0 |a Analysis of bridge 221 on relocation of country road SO 120 over the highway Tvrdošín R3 - Nižná Oravou on the km 1.54   |y eng 
245 1 |a Most 221 na preložke poľnej cesty SO 120 nad rýchlostnou cestou R3 Tvrdošín - Nižná nad Oravou v km 1,54 
260 |a Bratislava :  |b STU v Bratislave SvF,  |c 2011 
650 7 |a inžinierske konštrukcie a dopravné stavby  |2 stusub 
650 7 |a Structural and Transportation Engineering  |2 estusub 
700 1 |a Živner, Tomáš,  |d 1981-  |4 ths  |u V190  |U SvF Stavebná fakulta  |T SvF Katedra kovových a drevených konštrukcií  |X 10326  |U V190  |Y 21  |7 A000010326 
856 4 |a info a plný text  |u http://is.stuba.sk/zp/portal_zp.pl?podrobnosti=76745  |3 VAIS